जब देगा तू आवाज़ / (Record no. 208219)
[ view plain ]
| 000 -LEADER | |
|---|---|
| fixed length control field | 00726nam a22001937a 4500 |
| 005 - DATE AND TIME OF LATEST TRANSACTION | |
| control field | 20250108153615.0 |
| 010 ## - LCCN (DPL NO) | |
| LC control number | HIN-129147 |
| 020 ## - INTERNATIONAL STANDARD BOOK NUMBER | |
| International Standard Book Number | 9789392696343 |
| Terms of availability | 295.00 |
| 035 ## - SYSTEM CONTROL NUMBER | |
| System control number | HN-101493 |
| 037 ## - SOURCE OF ACQUISITION | |
| Source of stock number/acquisition | DBAD |
| 082 ## - DEWEY DECIMAL CLASSIFICATION NUMBER | |
| Classification number | 821 |
| 100 ## - MAIN ENTRY--PERSONAL NAME | |
| Personal name | मनजीत सिंह |
| 245 ## - TITLE STATEMENT | |
| Title | जब देगा तू आवाज़ / |
| Statement of responsibility, etc | मनजीत सिंह |
| 250 ## - EDITION STATEMENT | |
| Edition statement | प्रथम |
| 260 ## - PUBLICATION, DISTRIBUTION, ETC. (IMPRINT) | |
| Place of publication, distribution, etc | दिल्ली |
| Name of publisher, distributor, etc | इन्द्रप्रस्थ प्रकाशन |
| Date of publication, distribution, etc | 2022 |
| 270 ## - ADDRESS | |
| Address | के-71, कृष्णा नगर |
| City | दिल्ली |
| Postal code | 110051 |
| Telephone number | 9211559886 |
| 300 ## - PHYSICAL DESCRIPTION | |
| Extent | 143 पृ. |
| Dimensions | 22 सेमी (सजिल्द) |
| 942 ## - ADDED ENTRY ELEMENTS (KOHA) | |
| Source of classification or shelving scheme | Dewey Decimal Classification |
| Item type | Hindi Books |
| Classification part | 821 |
| Call number suffix | मनजी |
| Withdrawn status | Lost status | Not for loan | Collection code | Home library | Current library | Date acquired | Source of acquisition | Cost, normal purchase price | Full call number | Barcode | Copy number | Cost, replacement price | Koha item type |
|---|---|---|---|---|---|---|---|---|---|---|---|---|---|
| Non-fiction | Sarojini Nagar | Sarojini Nagar | 08/01/2025 | DBAD | 295.00 | 821 मनजी | HN-101493 | 1 | 295.00 | Hindi Books |
